Longest Rivers In Europe - Statistics

General Stats
  • This quiz has been taken 63 times
  • The average score is 4 of 10
Answer Stats
Length (Km) Answer % Correct
2,860 Danube
98%
3,690 Volga
89%
2,290 Dnieper
74%
1,950 Don
46%
1,352 Dniester
40%
2,428 Ural
33%
1,805 Kama
5%
1,809 Pechora
5%
1,500 Oka
2%
1,430 Belaya
0%
No matching quizzes found
Score Distribution
Percent of People with Each Score
Percentile by Number Answered
Your Score History
You have not taken this quiz